<?xml version="1.0" encoding="UTF-8"?>
<record
    xmlns:xsi="http://www.w3.org/2001/XMLSchema-instance"
    xsi:schemaLocation="http://www.loc.gov/MARC21/slim http://www.loc.gov/standards/marcxml/schema/MARC21slim.xsd"
    xmlns="http://www.loc.gov/MARC21/slim">

  <leader>01058    a2200241   4500</leader>
  <controlfield tag="005">20081010160931.0</controlfield>
  <controlfield tag="008">081010t        xxu||||| |||| 00| 0 ur d</controlfield>
  <datafield tag="010" ind1=" " ind2=" ">
    <subfield code="a">UR-7355</subfield>
  </datafield>
  <datafield tag="020" ind1=" " ind2=" ">
    <subfield code="a">8182233119</subfield>
    <subfield code="c">250.00</subfield>
  </datafield>
  <datafield tag="035" ind1=" " ind2=" ">
    <subfield code="a">U-5910</subfield>
  </datafield>
  <datafield tag="037" ind1=" " ind2=" ">
    <subfield code="b">D.B.Act / Pub</subfield>
  </datafield>
  <datafield tag="082" ind1=" " ind2=" ">
    <subfield code="a">843.08</subfield>
  </datafield>
  <datafield tag="100" ind1=" " ind2=" ">
    <subfield code="a">&#x631;&#x636;&#x648; &#x627;&#x646;&#x6C1;</subfield>
  </datafield>
  <datafield tag="245" ind1=" " ind2=" ">
    <subfield code="c">&#x631;&#x636;&#x648;&#x627;&#x646;&#x6C1;</subfield>
    <subfield code="a">&#x627;&#x646;&#x64A;&#x633;&#x648; &#x67E;&#x686;&#x627;&#x633; &#x6A9;&#x6D2; &#x628;&#x639;&#x62F;&#x627;&#x631;&#x62F;&#x648; &#x6A9;&#x6CC; &#x62E;&#x648;&#x627; &#x62A;&#x64A;&#x646; &#x627;&#x641;&#x633;&#x627;&#x646;&#x6C1; &#x646;&#x6AF;&#x627;&#x631;</subfield>
  </datafield>
  <datafield tag="246" ind1=" " ind2=" ">
    <subfield code="a">Urdu ki khawateen afsana nigar</subfield>
    <subfield code="b">by Rizwana</subfield>
  </datafield>
  <datafield tag="260" ind1=" " ind2=" ">
    <subfield code="a">&#x62F;&#x6BE;&#x644;&#x6CC;</subfield>
    <subfield code="b">&#x627;&#x64A;&#x62C;&#x648; &#x6A9;&#x64A;&#x634;&#x646;&#x644;  &#x67E;&#x628;&#x644;&#x64A;&#x634;&#x646;&#x6AF; &#x6C1;&#x627; &#x624;&#x633;</subfield>
    <subfield code="c">2007</subfield>
  </datafield>
  <datafield tag="270" ind1=" " ind2=" ">
    <subfield code="a">3108&#x60C;&#x648;&#x6A9;&#x64A;&#x644; &#x627;&#x633;&#x679;&#x631; &#x64A;&#x679; &#x6A9;&#x648; &#x686;&#x6C1; &#x67E;&#x646;&#x688; &#x62A; &#x644;&#x627;&#x644; &#x6A9;&#x646;&#x648; &#x627;&#x6BA;</subfield>
    <subfield code="b">&#x62F;&#x6BE;&#x644;&#x6CC;</subfield>
    <subfield code="e">110006</subfield>
    <subfield code="k">23216162</subfield>
    <subfield code="l">009101123211540</subfield>
    <subfield code="m">info@phbooks.com,ephdelhi@yahoo.com</subfield>
  </datafield>
  <datafield tag="300" ind1=" " ind2=" ">
    <subfield code="a">228p</subfield>
    <subfield code="c">22cm (Pbk)</subfield>
  </datafield>
  <datafield tag="650" ind1=" " ind2=" ">
    <subfield code="a">Biography</subfield>
  </datafield>
  <datafield tag="650" ind1=" " ind2=" ">
    <subfield code="a">&#x633;&#x648;&#x627; &#x646;&#x62D; &#x639;&#x645;&#x631; &#x6CC;</subfield>
  </datafield>
  <datafield tag="942" ind1=" " ind2=" ">
    <subfield code="a">dpl</subfield>
    <subfield code="c">UR</subfield>
    <subfield code="k">/ </subfield>
    <subfield code="2">ddc</subfield>
    <subfield code="h">843.08</subfield>
    <subfield code="m">&#x631; &#x636; &#x648;</subfield>
  </datafield>
  <datafield tag="999" ind1=" " ind2=" ">
    <subfield code="c">5353</subfield>
    <subfield code="d">5353</subfield>
  </datafield>
  <datafield tag="952" ind1=" " ind2=" ">
    <subfield code="0">0</subfield>
    <subfield code="1">0</subfield>
    <subfield code="2">ddc</subfield>
    <subfield code="4">0</subfield>
    <subfield code="7">1</subfield>
    <subfield code="8">NFIC</subfield>
    <subfield code="a">DBAD</subfield>
    <subfield code="b">DBAD</subfield>
    <subfield code="d">2008-10-10</subfield>
    <subfield code="g">250.00</subfield>
    <subfield code="l">0</subfield>
    <subfield code="o">843.08 &#x631; &#x636; &#x648;</subfield>
    <subfield code="p">U-5910</subfield>
    <subfield code="r">2008-09-15 00:00:00</subfield>
    <subfield code="t">1</subfield>
    <subfield code="u">5694</subfield>
    <subfield code="v">250.00</subfield>
    <subfield code="w">2008-09-15</subfield>
    <subfield code="y">UR</subfield>
  </datafield>
</record>
